000 01489nam0a2200361 4500
001 RU\NLR\bibl\491451
005 20260405060928.0
010 _a5-88230-087-8
_93000
021 _aRU
_b2004-1574
_985
035 _a(NLR Aleph) 000484122
090 _a1072315
_c1072315
100 _a20040216d2004 |||y0rusy50 ca
101 1 _arus
_ceng
102 _aRU
105 _aa |||||||||
200 1 _aСекс, любовь и сердце
_eПсихотерапия инфаркта
_fАлександр Лоуэн
_g[Пер. с англ. С. Коледа]
210 _aМ.
_cИнОИс
_d2004
215 _a216 с.
_cил.
_d20
225 1 _aСерия "Телесно-ориентированная психотерапия"
_vВып. 2
225 1 _aСовременная психология: теория и практика
300 _aНа обороте тит. л. авт.: доктор Лоуэн
606 0 _aЛюбовь
_xСоциально-психологические исследования
_92154281
_3RU\NLR\auth\661297044
606 0 _aТелесно-ориентированная психотерапия
_92181254
_3RU\NLR\auth\661311706
686 _aР410-571
686 _aС550.53
686 _aЮ948.1-82
700 1 _4070
_7ca
_8rus
_aЛоуэн
_bА.
_f1910-2008
_gАлександр
_93172
_3RU\NLR\AUTH\7720104
801 0 _aRU
_bNLR
_c20011001
_gPSBO
801 1 _aRU
_bNLR
_c20011001
942 _cBOOK
980 _aNB
980 _aSUPPRESS